000 00637cam a2200229 a 4500
008
020 _a053698414x (pbk.)
049 _aMAIN
090 0 _aQA152.2
_bMAR
100 1 _aMartin-Gay, K. Elayn
245 1 0 _aIntermediate algebra /
_cK. Elayn Martin-Gay.
250 _a4th ed.
260 _aUpper Saddle River :
_bPearson,
_cc2005.
300 _a750 p. :
_bill. (some col.) ;
_c25 cm. +CD-ROM.
500 _aIncludes index.
650 0 _aAlgebra.
907 _a.b10345541
_b15-10-14
_c24-07-14
003
005 20230120144456.0
040 _cNUST
942 _cBOOKS
_kQA152.2
_mMAR
999 _c97523
_d97523